000
00302nam a2200121Ia 4500
008
220204s9999 xx 000 0 und d
082
_a
620.17
_b
LEV
100
_a
Levinson, Irving J
245
0
_a
Mechanics of materials
260
_a
New Delhi
_b
Prentice Hall
_c
1965
650
_a
Mechanics
942
_c
BK
999
_c
24289
_d
24289